书目信息 |
| 题名: |
智慧算术
|
|
| 作者: | 吴稼祥 著 | |
| 分册: | ||
| 出版信息: | 上海 上海三联书店 1997 |
|
| 页数: | 390页 | |
| 开本: | 20cm | |
| 丛书名: | ||
| 单 册: | ||
| 中图分类: | C934 , B02 | |
| 科图分类: | ||
| 主题词: | 谋略 , 辩证唯物主义 | |
| 电子资源: | ||
| ISBN: | 7-5426-1000-7 | |
| 000 | 00638nam0 2200241 45 | |
| 001 | 1253094860 | |
| 005 | 20120930121838.42 | |
| 010 | @a7-5426-1000-7@dCNY19.20 | |
| 100 | @a19980319d1997 em y0chiy0121 ea | |
| 101 | 0 | @achi |
| 102 | @aCN@b310000 | |
| 105 | @ay z 000yy | |
| 200 | 10 | @a智慧算术@Azhi hui suan shu@e加减谋略论@f吴稼祥著 |
| 210 | @a上海@c上海三联书店@d1997 | |
| 215 | @a390页@d20cm | |
| 517 | 1 | @a加减谋略论@Ajia jian mou lue lun |
| 606 | 0 | @a谋略 |
| 606 | 0 | @a辩证唯物主义 |
| 690 | @aC934@v3 | |
| 690 | @aB02@v4 | |
| 701 | 0 | @a吴稼祥@Awu jia xiang@4著 |
| 801 | 0 | @aCN@bTSSF@c19980401 |
| 905 | @a10447@dB02@eJY48 | |
| 智慧算术:加减谋略论/吴稼祥著.-上海:上海三联书店,1997 |
| 390页;20cm |
| ISBN 7-5426-1000-7:CNY19.20 |
| ● |
| 相关链接 |
|
|
|
|
正题名:智慧算术
索取号:B02/JY48
 
预约/预借
| 序号 | 登录号 | 条形码 | 馆藏地/架位号 | 状态 | 备注 |
| 1 | 7809666 | 278096668 | 学院路分馆/ [索取号:B02/JY48] | 在馆 | |
| 2 | 7809667 | 278096677 | 学院路分馆/ [索取号:B02/JY48] | 在馆 | |
| 3 | 7809668 | 278096686 | 学院路分馆/ [索取号:B02/JY48] | 在馆 | |
| 4 | 7809669 | 278096695 | 学院路分馆/ [索取号:B02/JY48] | 在馆 |